000
00337nam a22001457a 4500
008
210602b ||||| |||| 00| 0 eng d
020
_a
9780323054850
041
_a
eng
080
_2
7th
_a
610.73
082
_a
610.73
100
_a
1
101
_a
INF
245
_a
Clinical Nursing Skills & Techniques
_c
Carmen Toca
942
_2
udc
_c
BK
999
_c
57933
_d
57933